Quizzes
Events
Quiz Creation
Community
Videos
Private Events
Remove Ads
Sign In
Join for FREE
Feedback
Dark Mode
Quiz Categories
Sports
Geography
Music
Movies
Television
Just For Fun
Miscellaneous
History
Literature
Language
Science
Gaming
Entertainment
Religion
Holiday
For Kids
Quiz Lab
Recent
Popular Today
Quiz Kudos Today
Editor Picks
Curator Picks
Quizzes by...
Day
Popularity
Type
Ratings
Length
Year
Community
Subscriptions
Recent Discussions
Orange Saloon
Badges
Playlists
Quests
Create
Leaderboards
Showdown
Live 5
Trivia Bingo
Activity
Puzzle Library
Sporcle Events
Private Events
Virtual Trivia
Globe League
Become a Host
Pub Owners
SporcleCon
Opinionation
Our Games
Videos
Blog
Mobile Apps
Partnerships
Remove Ads and Go Orange
Feedback
Geography
Country
Landmarks
City
State
Population
World
Capital
Continent
Flags
Europe
Africa
Asia
South America
North America
Oceania
Border
Canada
United Kingdom
Topography
United States
Geography
Country
Landmarks
City
State
Population
World
Capital
Continent
Flags
Europe
Africa
Asia
South America
North America
Oceania
Border
Canada
United Kingdom
Topography
United States
Random Quiz
Search Sporcle
×
Quiz Lab
Quiz Lab
Geography
City
Type in answers that appear in a list
Type in answers that appear in a list
Classic
Best Score? Go Orange.
100 Largest New Jersey Cities Stats
Can you name the 100 Largest New Jersey Municipalities??
By
Roman
15m
100 Questions
674 Plays
674 Plays
674 Plays
Comments
Comments
Give Quiz Kudos
Give Quiz Kudos
-
- Ratings
hide this ad
More Info
Replay
Link that replays current quiz
Next Quiz
Link to next quiz in quiz playlist
You Got
0%
They Got
Avg Score
40%
Avg Friend Score
Upgrade to see
Score Distribution
Jump to the score distribution portion of the page
Score
0/100
Timer
15:00
0
Plays Today
County
City
% Correct
Essex
Newark
96.4%
Hudson
Jersey City
92.3%
Mercer
Trenton
89%
Camden
Camden
87.9%
Atlantic
Atlantic City
84.4%
Union
Elizabeth
83.5%
Passaic
Paterson
82.1%
Union
Union
78.4%
Ocean
Toms River
73%
Hudson
Hoboken
71.5%
Passaic
Passaic
69.6%
Middlesex
Edison
68.9%
Middlesex
New Brunswick
68.6%
Essex
East Orange
68.4%
Camden
Cherry Hill
65.9%
Essex
Orange
61.4%
Hudson
Bayonne
60.4%
Essex
West Orange
58.7%
Ocean
Brick
58.3%
Hudson
Union City
58%
Passaic
Clifton
56.8%
Mercer
Hamilton
56.5%
Middlesex
Woodbridge
56.3%
Cumberland
Vineland
54.7%
Bergen
Hackensack
53.4%
Middlesex
Perth Amboy
51.4%
Middlesex
East Brunswick
51.4%
Monmouth
Ocean
50.2%
Hudson
West New York
49.9%
Camden
Gloucester
48.7%
Middlesex
Piscataway
48.7%
Monmouth
Middletown
47.8%
Passaic
Wayne
47.7%
Middlesex
North Brunswick
47.1%
County
City
% Correct
Middlesex
South Brunswick
46.5%
Bergen
Fort Lee
46.5%
Ocean
Lakewood
45.3%
Hudson
North Bergen
44.9%
Essex
Montclair
44.7%
Essex
Irvington
43.7%
Ocean
Jackson
43.2%
Union
Plainfield
42.9%
Bergen
Teaneck
41%
Gloucester
Washington
40.8%
Union
Linden
40.4%
Somerset
Franklin
39.6%
Middlesex
Old Bridge
39.5%
Union
Rahway
38.9%
Bergen
Paramus
38.6%
Essex
Bloomfield
38%
Mercer
Ewing
36.1%
Monmouth
Long Branch
35.8%
Somerset
Bridgewater
35.2%
Atlantic
Egg Harbor
33.7%
Essex
Livingston
33.1%
Gloucester
Monroe
32.2%
Middlesex
Monroe
32.2%
Monmouth
Wall
31.6%
Middlesex
Sayreville
31.1%
Bergen
Mahwah
30.8%
Monmouth
Howell
29.1%
Union
Westfield
28.8%
Bergen
Englewood
28.6%
Hudson
Kearney
28.5%
Monmouth
Marlboro
27.9%
Bergen
Ridgewood
27.7%
Essex
Belleville
27.6%
Monmouth
Manalapan
27.3%
County
City
% Correct
Bergen
Garfield
27.3%
Mercer
Lawrence
27.1%
Somerset
Hillsborough
26.5%
Essex
Nutley
26.1%
Cumberland
Millville
25.8%
Monmouth
Neptune
25%
Camden
Pennsauken
24.7%
Essex
Maplewood
24%
Bergen
Lodi
23.8%
Ocean
Manchester
23.2%
Bergen
Bergenfield
23.1%
Bergen
Fair Lawn
22.8%
Burlington
Mount Laurel
22.7%
Burlington
Evesham
22.2%
Camden
Voorhees
21.8%
Mercer
East Windsor
21.3%
Ocean
Berkeley
20%
Burlington
Willingboro
19.8%
Bergen
Cliffside Park
18.2%
Morris
Randolph
17.9%
Sussex
Vernon
17.7%
Passaic
West Milford
17.3%
Morris
Mount Olive
17.3%
Gloucester
Deptford
16.8%
Atlantic
Galloway
16.1%
Morris
Parisppany-Troy Hills
15.4%
Somerset
Bernards
14.8%
Camden
Winslow
14.3%
Monmouth
Freehold Township
14.2%
Ocean
Lacey
13.9%
Morris
Roxbury
13.6%
Burlington
Pemberton Township
9.8%
Quiz Playlist
Details
Report
Send in Message
Add To Playlist
More Info:
There are two where you have to type in Township to distinguish from the Borough.
Classic:
Type in answers that appear in a list
Quiz Source
Last Updated: Feb 16, 2017
Quiz Scoreboard
CHALLENGE
Sign Up to Join the Scoreboard
Show All
Scores
Hide
Comments
May contain spoilers
Recently Published
Click the 1999 NBA Draft
by nibperrychub
Sports
2m
Alphabetical 'K' Countries by Flag Minefield
by ylime102
Geography
3m
Pick 6: Fruits
by JohnFran
Miscellaneous
15s
More to Explore
Quiz From the Vault
Featured Blog Post
15 Basketball Trivia Facts You Can Be March Mad About
hide this ad
You Might Also Like...
Tags
City Quiz
Population Quiz
100
100 Largest
counties
Jersey
largest
Municipality
New Jersey
Today's Top Quizzes in Geography
Browse Geography
hide this ad
Today's Top Quizzes in City
Browse City
Top Contributed Quizzes in Geography
1
Countries of the World - No Outlines Minefield
2
Pick 6: Mountains
3
Least Populated Answer: 'G' Countries
4
Alphabetical 'L' Countries By Flag Minefield
5
Lietuvos savivaldybės (Lithuanian Municipalities)
6
Alphabetical 'M' Countries By Flag Minefield
7
Pick 6: National Parks
8
Pick 6: US States
9
African Flag Reveal XXXVI
10
Find the Landmarks A-Z
Explore More
Trending Topics
Crossword
Harry Potter
Kpop
NBA
Disney
Marvel
Anime
Song
Country
The Office
WWE
Pokémon
Soccer
NFL
Puzzle
hide this ad
More By:
Roman
Quiz
Plays
Rating
Category
Featured
Created
Most Developed Countries
165,645
4.42
Geography
Dec 1, 2009
US Largest Cities (1910)
140,055
4.61
Geography
Nov 11, 2009
US Largest Cities (1920)
129,907
4.62
Geography
Dec 1, 2009
US Largest Cities (1960)
100,854
4.61
Geography
Jan 5, 2010
Sahara Countries
26,643
4.60
Geography
Nov 4, 2009
Go to Creator's Profile
Score Distribution
Quiz Creator Spotlight
Roman
Follow
Send a Message
Quizzes Created
-
Created Quiz Play Count
-
More By This Creator
Popular Quizzes Today
1
Countries of Asia Without Outlines Minefield
2
Find the US States - No Outlines Minefield
3
Pick 6: Fruits
4
Alphabetical 'K' Countries by Flag Minefield
5
The Countries of the World
6
Find the US States
7
US States
8
Match the Book to the Film X
More Geography Quizzes
European Country by Two Hints
Published
Trending Quizzes
Pick 6: Mountains
Pick 6: Harry Potter
Pick 6: NFL Teams
Pick 6: Movie Franchises
Pick 6: Flags
Recently Updated
NWSL Teams
pecheneg
Women's Final Four Teams by Year
bhenderson79
Presidents Quartet II
eogle
Anything But Clue(do)
eogle
Anything But Oceanian Capitals
eogle
Anything But 7
eogle
Anything But Thing
eogle
Word Ladder: February 29
pecheneg
Song Title Questions
pecheneg
Women's NCAA Tournament #1 Seeds
pecheneg
Trending Topics
Anime
Disney
Marvel
Crossword
Kpop
Harry Potter
NBA
The Office
Soccer
Pokémon
Country
Song
WWE
NFL
Puzzle
Your Account Isn't Verified!
In order to create a playlist on Sporcle, you need to verify the email address you used during registration. Go to your
Sporcle Settings
to finish the process.
Report this User
Report this user for behavior that violates our
Community Guidelines
.
Details:
Send Report
Go to the Sporcle.com Mobile Site →
Comments